DEGRES, N.006 (APRILE 1974) (Record n. 110580)

Dettagli MARC
000 -LEADER
fixed length control field 00963nas a2200253Ia 4500
001 - CONTROL NUMBER
control field R702/49174
003 - CONTROL NUMBER IDENTIFIER
control field IT-RoPAU
008 - FIXED-LENGTH DATA ELEMENTS--GENERAL INFORMATION
fixed length control field 151124c99999999xx |||||||||||| ||und||
040 ## - CATALOGING SOURCE
Original cataloging agency IT-RoPAU
040 ## - CATALOGING SOURCE
Transcribing agency IT-RoPAU
041 ## - LANGUAGE CODE
Language code of text/sound track or separate title FRANCESE
100 ## - MAIN ENTRY--PERSONAL NAME
Personal name Garcia Bardon Salvador
Miscellaneous information Codice Aut. SPICS: 9553
210 ## - ABBREVIATED TITLE
Abbreviated title DEGRES
222 ## - KEY TITLE
Key title Degres
245 ## - TITLE STATEMENT
Title DEGRES, N.006 (APRILE 1974)
Remainder of title Droit De Parler (Le)-Deuxieme Partie: Le Statut Formel Du Focus Et De la Presupposition Dans la Semantique Generative
250 ## - EDITION STATEMENT
Edition statement 1a ed.
260 ## - PUBLICATION, DISTRIBUTION, ETC. (IMPRINT)
Place of publication, distribution, etc. BRUXELLES
Name of publisher, distributor, etc. DEGRES
Date of publication, distribution, etc. 1974
300 ## - PHYSICAL DESCRIPTION
Extent 12 p.
362 ## - DATES OF PUBLICATION AND/OR SEQUENTIAL DESIGNATION
Dates of publication and/or sequential designation ANNO 002, N.006 (APRILE 1974)
501 ## - WITH NOTE
-- Paulus - SPICS - Società San Paolo EM (non-commercial uses only)
-- Copyright2015
500 ## - GENERAL NOTE
General note Diritto di Parola: Seconda Parte: Statuto Formale del Focus e della Presupposizione nella Semantica Generativa. Focalizzazione e Presupposizione.
650 ## - SUBJECT ADDED ENTRY--TOPICAL TERM
Topical term or geographic name as entry element SEMIOTICA
Form subdivision PUBBLICAZIONE PERIODICA
942 ## - ADDED ENTRY ELEMENTS (KOHA)
Koha item type RIVISTA
Dati di copia
Withdrawn status Lost status Damaged status Not for loan Home library Current library Date acquired Total Checkouts Full call number Date last seen Price effective from Koha item type Public note
    Buone Condizioni Not For Loan SPICS-MEDIATECA SPICS-MEDIATECA 25/11/2015   R702/49174 25/11/2015 25/11/2015 RIVISTA Progr. Ins: 87695 / Copia rara: NO / date import: 25.11.2015 / By Epidotti, Trombetti, Vaglietti
CREDITS: SOCIETA' SAN PAOLO Via A.Severo, 58 - ROMA (RM) & PERIODICI SAN PAOLO SRL Via Giotto, 36 MILANO & CISF Via Giotto, 36 MILANO & EDIZIONI SAN PAOLO SRL,  Piazza Soncino, 5 CINISELLO BALSAMO (MI) -- ITALY